Statistics for Countries That Border France

Click here to take the quiz!

General Stats

  • This quiz has been taken 21 times
  • The average score is 9 of 11

Answer Stats

LengthCountry% Correct
515 kmItaly
100%
656.3 kmSpain
100%
572 kmSwitzerland
100%
57 kmAndorra
86%
620 kmBelgium
86%
730 kmBrazil
86%
5.47 kmMonaco
86%
16 kmNetherlands (Saint Martin)
86%
450 kmGermany
71%
73 kmLuxembourg
71%
520 kmSuriname
71%

Score Distribution

Percentile by Number Answered

Percent of People with Each Score

Your Score History

You have not taken this quiz